Maharashtra Legislative Assembly: 50 years (Record no. 475454)

000 -LEADER
fixed length control field 00371cam a22001217a 4500
008 - FIXED-LENGTH DATA ELEMENTS--GENERAL INFORMATION
fixed length control field 180718b1989 xxu||||| |||| 00| 0 eng d
082 ## - DEWEY DECIMAL CLASSIFICATION NUMBER
Classification number G2x5442 B41
100 ## - MAIN ENTRY--PERSONAL NAME
Personal name Belavadi, S.H.
245 ## - TITLE STATEMENT
Title Maharashtra Legislative Assembly: 50 years
Statement of responsibility, etc. by S.H.Belavadi
260 ## - PUBLICATION, DISTRIBUTION, ETC.
Place of publication, distribution, etc. Bombay
Name of publisher, distributor, etc. Legislature Secretariat
Date of publication, distribution, etc. 1989
300 ## - PHYSICAL DESCRIPTION
Extent 441p.
650 ## - SUBJECT ADDED ENTRY--TOPICAL TERM
Topical term or geographic name entry element Legislatures - India - Maharashtra
Holdings
Withdrawn status Lost status Damaged status Not for loan Permanent Location Current Location Date acquired Full call number Barcode Date last seen Price effective from Koha item type
        Indian Institute of Public Administration Indian Institute of Public Administration 2018-08-04 G2x5442 B41 G18605 2018-08-04 2018-08-04 G

Powered by Koha